Normal view MARC view

Entry Personal Name

Number of records used in: 1

001 - CONTROL NUMBER

  • control field: 17414

003 - CONTROL NUMBER IDENTIFIER

  • control field: OSt

005 - DATE AND TIME OF LATEST TRANSACTION

  • control field: 20211105134147.0

008 - FIXED-LENGTH DATA ELEMENTS

  • fixed length control field: 211105|| aca||aabn | a|a d

040 ## - CATALOGING SOURCE

  • Original cataloging agency: OSt
  • Transcribing agency: OSt

100 ## - HEADING--PERSONAL NAME

  • Personal name: Moss, D., ed

670 ## - SOURCE DATA FOUND

  • Source citation: Work cat.: (OSt): Colloquium of the International Astronomical Union Finland 1990 July 17 - 20 17413, The sun and cool stars-activity,magnetism,dynamos, 1991

Powered by Koha